000 00411nam a2200169Ia 4500
005 20240823055533.0
008 240823s9999||||xx |||||||||||||| ||und||
041 _aENGLISH
082 _A004.694 Q3
100 _aDevi sri Nandhini M
245 0 _aInternet Programming
250 _a1st
260 _c2013
_bARS Publica
500 _aYES
650 _aInternet Programming
_bComputer Science
942 _cBK
999 _c229018
_d229018